000 00346 a2200157 4500
001 191042
020 _a978-85-66470-48-2
040 _cMagnum
100 _aMunduruku, Daniel
240 1 0 _aFoi vovó que disse
_lpor
245 1 0 _aFoi vovó que disse
300 _a24
362 0 _a2014
697 _aLITERATURA INFANTO-JUVENIL
942 _cBK
999 _c191042
_d191042